<?xml version="1.0" encoding="UTF-8"?>
<record
    xmlns:xsi="http://www.w3.org/2001/XMLSchema-instance"
    xsi:schemaLocation="http://www.loc.gov/MARC21/slim http://www.loc.gov/standards/marcxml/schema/MARC21slim.xsd"
    xmlns="http://www.loc.gov/MARC21/slim">

  <leader>01894nam0a22002531  4500</leader>
  <controlfield tag="001">rc\4616078</controlfield>
  <controlfield tag="005">20250611210323.0</controlfield>
  <datafield tag="021" ind1=" " ind2=" ">
    <subfield code="a">RU</subfield>
    <subfield code="b">&#x420;&#x433;4344-67</subfield>
  </datafield>
  <datafield tag="021" ind1=" " ind2=" ">
    <subfield code="a">RU</subfield>
    <subfield code="b">67-18297</subfield>
  </datafield>
  <datafield tag="035" ind1=" " ind2=" ">
    <subfield code="a">(NLR Aleph) 008397056</subfield>
  </datafield>
  <datafield tag="090" ind1=" " ind2=" ">
    <subfield code="a">9212756</subfield>
    <subfield code="c">9212756</subfield>
  </datafield>
  <datafield tag="100" ind1=" " ind2=" ">
    <subfield code="a">20130416d1965    |||y0rusy50      ca</subfield>
  </datafield>
  <datafield tag="101" ind1="0" ind2=" ">
    <subfield code="a">rus</subfield>
  </datafield>
  <datafield tag="102" ind1=" " ind2=" ">
    <subfield code="a">RU</subfield>
  </datafield>
  <datafield tag="105" ind1=" " ind2=" ">
    <subfield code="a">y   z   |||||</subfield>
  </datafield>
  <datafield tag="200" ind1="1" ind2=" ">
    <subfield code="a">&#x420;&#x435;&#x448;&#x435;&#x43D;&#x438;&#x435; &#x43A;&#x43E;&#x43D;&#x444;&#x435;&#x440;&#x435;&#x43D;&#x446;&#x438;&#x438; &#x43F;&#x43E; &#x43F;&#x440;&#x43E;&#x431;&#x43B;&#x435;&#x43C;&#x435;: "&#x411;&#x438;&#x43E;&#x43B;&#x43E;&#x433;&#x438;&#x447;&#x435;&#x441;&#x43A;&#x438;&#x435; &#x43E;&#x441;&#x43D;&#x43E;&#x432;&#x44B; &#x43E;&#x441;&#x432;&#x43E;&#x435;&#x43D;&#x438;&#x44F;, &#x440;&#x430;&#x446;&#x438;&#x43E;&#x43D;&#x430;&#x43B;&#x44C;&#x43D;&#x43E;&#x433;&#x43E; &#x438;&#x441;&#x43F;&#x43E;&#x43B;&#x44C;&#x437;&#x43E;&#x432;&#x430;&#x43D;&#x438;&#x44F; &#x438; &#x432;&#x43E;&#x441;&#x43F;&#x440;&#x43E;&#x438;&#x437;&#x432;&#x43E;&#x434;&#x441;&#x442;&#x432;&#x430; &#x440;&#x44B;&#x431;&#x43D;&#x44B;&#x445; &#x437;&#x430;&#x43F;&#x430;&#x441;&#x43E;&#x432; &#x432; &#x432;&#x43E;&#x434;&#x43E;&#x435;&#x43C;&#x430;&#x445; &#x421;&#x440;&#x435;&#x434;&#x43D;&#x435;&#x439; &#x410;&#x437;&#x438;&#x438; &#x438; &#x41A;&#x430;&#x437;&#x430;&#x445;&#x441;&#x442;&#x430;&#x43D;&#x430;". (12-17 &#x430;&#x43F;&#x440;&#x435;&#x43B;&#x44F; 1965 &#x433;., &#x433;. &#x410;&#x43B;&#x43C;&#x430;-&#x410;&#x442;&#x430;)</subfield>
    <subfield code="f">&#x41D;&#x430;&#x443;&#x447;. &#x441;&#x43E;&#x432;&#x435;&#x442; &#x410;&#x41D; &#x421;&#x421;&#x421;&#x420; &#x43F;&#x43E; &#x43F;&#x440;&#x43E;&#x431;&#x43B;&#x435;&#x43C;&#x435; "&#x413;&#x438;&#x434;&#x440;&#x43E;&#x431;&#x438;&#x43E;&#x43B;&#x43E;&#x433;&#x438;&#x44F;, &#x438;&#x445;&#x442;&#x438;&#x43E;&#x43B;&#x43E;&#x433;&#x438;&#x44F; &#x438; &#x438;&#x441;&#x43F;&#x43E;&#x43B;&#x44C;&#x437;&#x43E;&#x432;&#x430;&#x43D;&#x438;&#x435; &#x431;&#x438;&#x43E;&#x43B;. &#x440;&#x435;&#x441;&#x443;&#x440;&#x441;&#x43E;&#x432; &#x432;&#x43E;&#x434;&#x43E;&#x435;&#x43C;&#x43E;&#x432;". &#x421;&#x440;&#x435;&#x434;&#x43D;&#x435;&#x430;&#x437;&#x438;&#x430;&#x442;. &#x43E;&#x442;&#x434;-&#x43D;&#x438;&#x435; &#x418;&#x445;&#x442;&#x438;&#x43E;&#x43B;. &#x43A;&#x43E;&#x43C;&#x438;&#x441;. &#x411;&#x430;&#x441;. &#x43F;&#x440;&#x43E;&#x438;&#x437;&#x432;&#x43E;&#x434;. &#x43A;&#x43E;&#x43C;. &#x43F;&#x43E; &#x440;&#x44B;&#x431;&#x43D;&#x43E;&#x43C;&#x443; &#x445;&#x43E;&#x437;. &#x421;&#x421;&#x421;&#x420;. &#x41A;&#x430;&#x437;. &#x433;&#x43E;&#x441;. &#x443;&#x43D;-&#x442; &#x438;&#x43C;. &#x421;.&#x41C;. &#x41A;&#x438;&#x440;&#x43E;&#x432;&#x430;. &#x413;&#x43B;. &#x443;&#x43F;&#x440;. &#x43F;&#x43E; &#x440;&#x443;&#x43A;&#x43E;&#x432;&#x43E;&#x434;&#x441;&#x442;&#x432;&#x443; &#x440;&#x44B;&#x431;&#x43D;&#x43E;&#x439; &#x43F;&#x440;&#x43E;&#x43C;-&#x441;&#x442;&#x44C;&#x44E; &#x438; &#x442;&#x440;&#x443;&#x434;&#x43E;&#x432;&#x44B;&#x43C;&#x438; &#x445;&#x43E;&#x437;&#x44F;&#x439;&#x441;&#x442;&#x432;&#x430;&#x43C;&#x438; &#x41A;&#x430;&#x437;. &#x421;&#x421;&#x420;. &#x41A;&#x430;&#x437;. &#x43D;&#x430;&#x443;&#x447;.-&#x438;&#x441;&#x441;&#x43B;&#x435;&#x434;. &#x438;&#x43D;-&#x442; &#x440;&#x44B;&#x431;&#x43D;&#x43E;&#x433;&#x43E; &#x445;&#x43E;&#x437;. &#x41A;&#x430;&#x437;. &#x43E;&#x442;&#x434;-&#x43D;&#x438;&#x435; &#x412;&#x441;&#x435;&#x441;&#x43E;&#x44E;&#x437;. &#x433;&#x438;&#x434;&#x440;&#x43E;&#x431;&#x438;&#x43E;&#x43B;. &#x43E;-&#x432;&#x430;</subfield>
  </datafield>
  <datafield tag="210" ind1=" " ind2=" ">
    <subfield code="a">&#x410;&#x43B;&#x43C;&#x430;-&#x410;&#x442;&#x430;</subfield>
    <subfield code="c">&#x411;. &#x438;.</subfield>
    <subfield code="d">1965</subfield>
  </datafield>
  <datafield tag="215" ind1=" " ind2=" ">
    <subfield code="a">9 &#x441;.</subfield>
    <subfield code="d">22</subfield>
  </datafield>
  <datafield tag="710" ind1="1" ind2="2">
    <subfield code="a">&#x41D;&#x430;&#x443;&#x447;&#x43D;&#x430;&#x44F; &#x43A;&#x43E;&#x43D;&#x444;&#x435;&#x440;&#x435;&#x43D;&#x446;&#x438;&#x44F; &#x43F;&#x43E; &#x43F;&#x440;&#x43E;&#x431;&#x43B;&#x435;&#x43C;&#x435; "&#x411;&#x438;&#x43E;&#x43B;&#x43E;&#x433;&#x438;&#x447;&#x435;&#x441;&#x43A;&#x438;&#x435; &#x43E;&#x441;&#x43D;&#x43E;&#x432;&#x44B; &#x43E;&#x441;&#x432;&#x43E;&#x435;&#x43D;&#x438;&#x44F;, &#x440;&#x430;&#x446;&#x438;&#x43E;&#x43D;&#x430;&#x43B;&#x44C;&#x43D;&#x43E;&#x433;&#x43E; &#x438;&#x441;&#x43F;&#x43E;&#x43B;&#x44C;&#x437;&#x43E;&#x432;&#x430;&#x43D;&#x438;&#x44F; &#x438; &#x432;&#x43E;&#x441;&#x43F;&#x440;&#x43E;&#x438;&#x437;&#x432;&#x43E;&#x434;&#x441;&#x442;&#x432;&#x430; &#x440;&#x44B;&#x431;&#x43D;&#x44B;&#x445; &#x437;&#x430;&#x43F;&#x430;&#x441;&#x43E;&#x432; &#x432; &#x432;&#x43E;&#x434;&#x43E;&#x435;&#x43C;&#x430;&#x445; &#x421;&#x440;&#x435;&#x434;&#x43D;&#x435;&#x439; &#x410;&#x437;&#x438;&#x438; &#x438; &#x41A;&#x430;&#x437;&#x430;&#x445;&#x441;&#x442;&#x430;&#x43D;&#x430;" (1965; &#x410;&#x43B;&#x43C;&#x430;-&#x410;&#x442;&#x430;)</subfield>
  </datafield>
  <datafield tag="801" ind1=" " ind2="0">
    <subfield code="a">RU</subfield>
    <subfield code="b">NLR</subfield>
    <subfield code="g">psbo</subfield>
  </datafield>
  <datafield tag="801" ind1=" " ind2="1">
    <subfield code="a">RU</subfield>
    <subfield code="b">ELAR</subfield>
    <subfield code="2">rusmarc</subfield>
  </datafield>
  <datafield tag="852" ind1=" " ind2=" ">
    <subfield code="a">NLR</subfield>
    <subfield code="j">67-6/5007</subfield>
  </datafield>
  <datafield tag="942" ind1=" " ind2=" ">
    <subfield code="c">BOOK</subfield>
  </datafield>
  <datafield tag="980" ind1=" " ind2=" ">
    <subfield code="a">NB</subfield>
  </datafield>
  <datafield tag="995" ind1=" " ind2=" ">
    <subfield code="5">2013-10-26</subfield>
    <subfield code="b">NLR01</subfield>
    <subfield code="c">NLR01</subfield>
    <subfield code="e">RF31</subfield>
    <subfield code="f">8397056-10</subfield>
    <subfield code="k">67-6/5007</subfield>
    <subfield code="o">0</subfield>
    <subfield code="r">BOOK</subfield>
    <subfield code="s">6765007_</subfield>
  </datafield>
</record>
